Macbeth First 200 Words Quiz Stats

 Plays Quiz Updated Jul 22, 2018

Challenge
Share
Tweet
Embed
Score 0/202 Timer 20:00
1 Play Today
Character Text % Correct
ACT I, SCENE I. A desert place.Thunder and lightning. Enter three Witches.
100%
SCENE II. A camp near Forres.Alarum within. Enter DUNCAN, MALCOLM, DONALBAIN, LENNOX, with Attendants, meeting a bleeding Sergeant.
99.6%
a
93.2%
a
93.2%
a
93.2%
1st WitchI
92.1%
the
89.5%
the
89.5%
the
89.5%
the
89.5%
the
89.5%
the
89.5%
the
89.5%
The
89.5%
the
89.5%
the
89.5%
the
89.5%
the
89.5%
The
89.5%
The
89.5%
the
89.5%
and
80.1%
and
80.1%
and
80.1%
and
80.1%
And
80.1%
and
80.1%
And
80.1%
we
79.5%
In
77.9%
in
77.9%
to
77.9%
to
77.9%
to
77.9%
to
77.9%
do
74.6%
Do
74.6%
1st WitchWhen
73.8%
2nd WitchWhen
73.8%
When
73.8%
is
71.9%
is
71.9%
is
71.9%
is
71.9%
is
71.9%
Macbeth.
71.2%
Macbeth—
71.2%
He
70.7%
he
70.7%
three
67.1%
shall
66.9%
of
64.5%
of
64.5%
of
64.5%
of
64.5%
Of
64.5%
or
64.1%
be
63.4%
be
63.4%
meet
62.9%
meet
62.9%
again
61.4%
1st WitchWhere
57%
rain?
56.7%
DUNCANWhat
55.3%
will
55%
with
53.7%
with
53.7%
Character Text % Correct
with
53.7%
king
53.5%
thunder,
52.8%
3rd WitchThere
52.8%
3rd WitchThat
52.2%
that?
52.2%
that
52.2%
that
52.2%
that
52.2%
lightning,
51.2%
for
51%
For
51%
on
50.3%
it.
49.8%
it
49.8%
done,
49.8%
Who
49.6%
won.
49.4%
battle's
47.5%
lost
45.7%
man
44.6%
MALCOLMThis
43.9%
come,
43.8%
sun.
40.9%
can
39.5%
his
38.8%
his
38.8%
his
38.8%
his
38.8%
ALLFair
38.7%
fair:
38.7%
my
38.1%
As
37.9%
As
37.9%
As
37.9%
hurlyburly's
37.7%
foul,
37.3%
foul
37.3%
thou
36.5%
from
35.7%
2nd WitchUpon
35.3%
upon
35.3%
by
34.2%
heath.
33.9%
him—
33.5%
Exeunt.air.
33.1%
place?
32.6%
through
32.3%
but
31.7%
set
30.6%
too
30.2%
ere
29.7%
fog
28.8%
two
28.7%
filthy
28.1%
their
27.4%
Say
26.6%
Hover
26.5%
all's
26.3%
good
26.1%
bloody
25.8%
bloody
25.8%
well
25.7%
brave
25.4%
brave
25.4%
sergeant
23.6%
like
23.3%
like
23.3%
Character Text % Correct
Like
23.3%
3rd WitchAnon.
23.3%
soldier
22.8%
Hail,
22.7%
out
22.2%
Which
21.9%
Graymalkin!
21.5%
calls.
21.3%
2nd WitchPaddock
20.3%
fought
19%
art.
17.8%
name—
17.6%
friend!
15.8%
'Gainst
15%
report,
13.9%
together
13.5%
swimmers,
12.7%
leave
12.7%
state.
12.6%
didst
12.3%
Worthy
12.2%
rebel,
12.1%
stood;
12%
deserves
11.9%
Macdonwald—
11.7%
cling
11.3%
newest
11.2%
seemeth
11.1%
steel,
10.9%
SergeantDoubtful
10.7%
plight,
10.7%
Till
10.5%
spent
10.5%
fortune,
10.3%
fortune,
10.3%
captivity.
10.3%
isles
10%
hardy
10%
western
9.9%
choke
9.8%
revolt
9.7%
knowledge
9.5%
whоre:
9.5%
kerns
9.2%
merciless
9.1%
gallowglasses
9.1%
rebel's
9%
broil
8.9%
nature
8.9%
valour's
8.8%
execution,
8.3%
smiling,
8.1%
weak:
8%
smoked
7.8%
brandish'd
7.8%
passage
7.7%
villanies
7.7%
damned
7.7%
carved
7.6%
swarm
7.5%
multiplying
7.5%
quarrel
7.5%
Disdaining
7.4%
minion
7.3%
supplied;
7.3%
Show'd
6.8%

You're not logged in!

Compare scores with friends on all Sporcle quizzes.
OR
Log In

You Might Also Like...

Show Comments

Extras

Top Quizzes Today


Score Distribution

Your Account Isn't Verified!

In order to create a playlist on Sporcle, you need to verify the email address you used during registration. Go to your Sporcle Settings to finish the process.

Report this User

Report this user for behavior that violates our Community Guidelines.

Details: